Drogas, poder y región en Colombia: economía y política

La dinámica de las drogas en Colombia se entrelaza con problemas estructurales cuya solución ha sido aplazada durante siglos, sobre todo cuando se trata de pensar en soluciones concretas.

Gespeichert in:
Bibliographische Detailangaben
Weitere Verfasser: Kalmanovitz, Salomón
Format: Buch
Sprache:Spanish
Veröffentlicht: Bogotá: CINEP, 1995
Ausgabe:2 ed.
Schriftenreihe:Economía y política; No. 1
Schlagworte:
Online Zugang:Enlace del recurso
Tags: Tag hinzufügen
Keine Tags, Fügen Sie den ersten Tag hinzu!

MARC

LEADER 00000nam a2200000 a 4500
001 001078
008 030609s1995 ck a fr# #000|0#spa#d
020 |a 958-644-034-6 
041 0 |a spa 
043 |a s-ck--- 
082 0 4 |a 364.157  |b D653dr 
245 0 0 |a Drogas, poder y región en Colombia:  |b economía y política  |c Salomón Kalmanovitz ... [et al.] 
250 |a 2 ed. 
260 |a Bogotá:  |b CINEP,  |c 1995 
300 |a 255 p.:  |b il. 
440 0 |a Economía y política;  |v No. 1 
504 |a Incluye bibliografía. 
520 3 |a La dinámica de las drogas en Colombia se entrelaza con problemas estructurales cuya solución ha sido aplazada durante siglos, sobre todo cuando se trata de pensar en soluciones concretas. 
650 1 4 |a NARCOTRÁFICO  |z COLOMBIA 
650 1 4 |a ABUSO DE DROGAS 
700 1 |a Kalmanovitz, Salomón 
999 |c 3230  |d 3230 
856 |u https://catalogo.idep.edu.co/cgi-bin/koha/opac-detail.pl?biblionumber=3230  |z Enlace del recurso